Deutsche Formel 1 Sieger - Statistiken

Allgemein
  • Dieses Quiz wurde 150 mal gespielt
  • Das Durchschnittsergebnis liegt bei 5 aus 7
Antwortstatistiken
Hint Antwort % Korrekt
53 Sebastian Vettel
99%
23 Nico Rosberg
89%
91 Michael Schumacher
88%
6 Ralf Schumacher
70%
3 Heinz-Harald Frentzen
51%
2 Wolfgang von Trips
35%
1 Jochen Mass
24%
Keine übereinstimmenden Quizze gefunden
Verteilung der Resultate
Anzahl Personen mit jedem Resultat
Perzentil nach korrekt beantworteten Fragen
Ihre Resultats-Entwicklung
Sie haben dieses Quiz noch nicht gespielt